On Watch <A> Memoir

Enregistré dans:
Détails bibliographiques
Auteur principal: Zumwalt, Elmo R.
Format: Livre
Langue:anglais
Publié: New York Quadrangle 1976
Édition:2. ed.
Tags: Ajouter un tag
Pas de tags, Soyez le premier à ajouter un tag!

MARC

LEADER 00000nam a2200000 4500
001 c030578
005 20221220102331.3
041 0 |a eng 
044 |a US 
245 1 0 |a On Watch  |b <A> Memoir  |c Elmo R. Zumwalt 
250 |a 2. ed. 
264 1 |a New York  |b Quadrangle  |c 1976 
300 |a 568 s. 
100 1 |a Zumwalt, Elmo R.